[Event "COL-ch U14 Girls"]
[Site "Villanvicencio"]
[Date "2009.03.19"]
[Round "2"]
[White "Monsalve, Luz Adriana"]
[Black "Barbosa, Daniela"]
[Result "1-0"]
[WhiteElo "2027"]
[BlackElo "1971"]
[PlyCount "127"]
[EventDate "2009.03.19"]
[EventType "swiss"]
[EventRounds "7"]
[EventCountry "COL"]
[SourceTitle "EXT 2024"]
[Source "ChessBase"]
[SourceDate "2023.10.10"]
[SourceVersion "1"]
[SourceVersionDate "2023.10.10"]
[SourceQuality "1"]

1. e4 c5 2. Nf3 d6 3. d4 cxd4 4. Nxd4 Nf6 5. Nc3 e5 6. Nb3 b6 7. f3 Nc6 8. Be3 Bb7 9. Qd2 Be7 10. 0-0-0 a6 11. Nd5 Nxd5 12. exd5 Na7 13. Qf2 Nc8 14. Kb1 f5 15. g3 0-0 16. h4 a5 17. c4 a4 18. Nc1 f4 19. gxf4 exf4 20. Bd4 Bf6 21. Rg1 Bxd4 22. Qxd4 Qf6 23. Qxf6 Rxf6 24. Nd3 a3 25. b3 Ne7 26. Bh3 Raf8 27. Be6+ Kh8 28. Rg4 Ba6 29. Nb4 Bb7 30. Rdg1 g6 31. Re1 Bc8 32. Bxc8 Nxc8 33. Re4 h5 34. Rg5 Kh7 35. Nc6 R6f7 36. Kc2 Rf5 37. Re6 Rxg5 38. hxg5 h4 39. Ne7 Re8 40. Nxc8 Rxc8 41. Rf6 Re8 42. Kd2 Kg7 43. Rxf4 Rh8 44. Rg4 h3 45. Rg1 h2 46. Rh1 Rh3 47. Ke2 Rh5 48. f4 Kf7 49. Kf2 Ke7 50. Kg3 Kd7 51. Kg4 Rh8 52. f5 gxf5+ 53. Kxf5 Rf8+ 54. Kg4 Rf2 55. g6 Rxa2 56. g7 Rg2+ 57. Kf3 Rxg7 58. Rxh2 Rg8 59. Rh7+ Kc8 60. Ra7 Rf8+ 61. Ke3 Re8+ 62. Kd3 Re7 63. Rxe7 Kb8 64. Re2 1-0